Software engineering an engineering approach (Record no. 61841)
[ view plain ]
| 000 -LEADER | |
|---|---|
| fixed length control field | 00700nam a22002057a 4500 |
| 003 - CONTROL NUMBER IDENTIFIER | |
| control field | NUST-PNEC |
| 005 - DATE AND TIME OF LATEST TRANSACTION | |
| control field | 20170116180733.0 |
| 008 - FIXED-LENGTH DATA ELEMENTS--GENERAL INFORMATION | |
| fixed length control field | 141119b xxu||||| |||| 00| 0 eng d |
| 020 ## - INTERNATIONAL STANDARD BOOK NUMBER | |
| International Standard Book Number | 9971513099 |
| 040 ## - CATALOGING SOURCE | |
| Transcribing agency | PNEC |
| 082 ## - DEWEY DECIMAL CLASSIFICATION NUMBER | |
| Classification number | 005.1 PET |
| 100 ## - MAIN ENTRY--PERSONAL NAME | |
| 9 (RLIN) | 1004 |
| Personal name | Peters James F |
| 245 ## - TITLE STATEMENT | |
| Title | Software engineering an engineering approach |
| Statement of responsibility, etc. | James F Peters; Witold Pedrycz |
| 260 ## - PUBLICATION, DISTRIBUTION, ETC. | |
| Place of publication, distribution, etc. | New York: |
| Name of publisher, distributor, etc. | John Witold Pedrycz, |
| Date of publication, distribution, etc. | c2004. |
| 300 ## - PHYSICAL DESCRIPTION | |
| Extent | xviii, 702 p. |
| Other physical details | ill. : |
| Dimensions | 24 cm. |
| 500 ## - GENERAL NOTE | |
| General note | Includes index. |
| 650 ## - SUBJECT ADDED ENTRY--TOPICAL TERM | |
| General subdivision | MIS, Computer |
| 856 ## - ELECTRONIC LOCATION AND ACCESS | |
| Uniform Resource Identifier | <a href="http://www.amazon.com/Software-Engineering-James-F-Peters/dp/9971513099/ref=sr_1_1?ie=UTF8&qid=1416377695&sr=8-1&keywords=9971513099">http://www.amazon.com/Software-Engineering-James-F-Peters/dp/9971513099/ref=sr_1_1?ie=UTF8&qid=1416377695&sr=8-1&keywords=9971513099</a> |
| 942 ## - ADDED ENTRY ELEMENTS (KOHA) | |
| Source of classification or shelving scheme | |
| Koha item type | Book |
| Withdrawn status | Lost status | Source of classification or shelving scheme | Damaged status | Not for loan | Permanent Location | Current Location | Shelving location | Date acquired | Source of acquisition | Cost, normal purchase price | Total Checkouts | Full call number | Barcode | Date last seen | Cost, replacement price | Price effective from | Koha item type |
|---|---|---|---|---|---|---|---|---|---|---|---|---|---|---|---|---|---|
| Pakistan Navy Engineering College (PNEC) | Pakistan Navy Engineering College (PNEC) | Donated By Royal Book Company | 1250.00 | 005.1 PET | PNECLIB-029946 | 11/19/2014 | 1250.00 | Book |
